000 00478pab a2200181 454500
008 180718b2000 xxu||||| |||| 00| 0 eng d
100 _aPrakash, Gyan
245 _aMismatch between education and employment
260 _c2000
300 _ap.8-10,12
362 _a21 Feb
650 _aEmployment - India
650 _aEducation and employment - India
650 _aEducation and employment
700 _aSrivastava, Meenu
773 _aUniversity News
909 _a43950
999 _c43950
_d43950